[Event "Dutch op"]
[Site "Velp"]
[Date "2024.07.30"]
[Round "7"]
[White "Blok, Xaveer"]
[Black "Evengroen, Jan"]
[Result "0-1"]
[WhiteElo "1885"]
[BlackElo "2176"]
[PlyCount "51"]
[EventDate "2024.07.23"]
[EventType "swiss"]
[EventRounds "9"]
[EventCountry "NED"]
[SourceTitle "EXT 2025"]
[Source "ChessBase"]
[SourceDate "2024.10.14"]
[SourceVersion "1"]
[SourceVersionDate "2024.10.14"]
[SourceQuality "1"]

1. e4 e6 2. d4 d5 3. Nc3 Bb4 4. e5 c5 5. a3 Bxc3+ 6. bxc3 Ne7 7. Qg4 Kf8 8. Bd3 Qa5 9. Bd2 Qa4 10. Ra2 Nbc6 11. Nf3 b6 12. 0-0 h6 13. h4 Ba6 14. Bxa6 Qxa6 15. h5 Qc4 16. Rb2 Nf5 17. Rd1 Kg8 18. Be1 Kh7 19. Nh4 Nxe5 20. Qf4 Qe2 21. Rbb1 Nxh4 22. dxe5 Qxh5 23. Rd3 Qg5 24. Qxg5 hxg5 25. f4 Ng6 26. fxg5 0-1

[Event "Dutch op"]
[Site "Velp"]
[Date "2024.07.27"]
[Round "5"]
[White "Gortemaker, Lucas"]
[Black "Blok, Xaveer"]
[Result "1-0"]
[WhiteElo "2097"]
[BlackElo "1885"]
[PlyCount "55"]
[EventDate "2024.07.23"]
[EventType "swiss"]
[EventRounds "9"]
[EventCountry "NED"]
[SourceTitle "EXT 2025"]
[Source "ChessBase"]
[SourceDate "2024.10.14"]
[SourceVersion "1"]
[SourceVersionDate "2024.10.14"]
[SourceQuality "1"]

1. e4 c5 2. Nf3 d6 3. Bb5+ Nd7 4. 0-0 a6 5. Bd3 g6 6. c3 Bg7 7. Bc2 b5 8. d4 Bb7 9. Re1 e6 10. a4 Ne7 11. Na3 0-0 12. Bg5 f6 13. Be3 b4 14. Nc4 Qc7 15. dxc5 d5 16. Nd6 bxc3 17. b4 dxe4 18. Nd4 Bd5 19. Bxe4 Rfb8 20. Bxd5 exd5 21. Ne6 Qc6 22. Nxg7 Kxg7 23. Bh6+ Kxh6 24. Rxe7 Ne5 25. Qc1+ g5 26. Qxc3 Rh8 27. Qh3+ Kg6 28. Qf5+ 1-0